| 000 | 01096nas a2200325 4500 | ||
|---|---|---|---|
| 001 | BR2013003902 | ||
| 003 | BR-BrBNA | ||
| 005 | 20231205122347.0 | ||
| 007 | ta | ||
| 008 | 230509b bl.|||p| |||| 00| 00por d | ||
| 040 |
_aBR-BrBNA _bpor _cBiblioteca Nacional de Agricultura |
||
| 041 | _a(Pt) | ||
| 072 | _aL02; L74 | ||
| 100 | 1 | _aCurcio, B.R. | |
| 100 | 1 | _aLins, L.A. | |
| 100 | 1 | _aBoff, A.L.N. | |
| 100 | 1 | _aRibas, L.M. | |
| 100 | 1 | _aNogueira, C.E.W. | |
| 100 | 1 | _a | |
| 245 | 1 | _aOsteodistrofia fibrosa em equinos criados em pastagem de Panicum maximum cultivar Aruana: relato de casos | |
| 246 | 1 | _aFibrous osteodystrophy in horses raised on Aruana (Panicum maximum)pasture: case reports | |
| 650 | _aEQUINO | ||
| 650 | _aOSTEODISTROFIA | ||
| 650 | _aPASTAGEM | ||
| 650 | _aPANICUM MAXIMUM | ||
| 773 | 0 |
_tArquivo Brasileiro de Medicina Veterinária e Zootecnia (Brazil) _xISSN 0102-0935 _g(Feb 2010), v. 62(1) p. 37-41 _wBR2013003902 |
|
| 856 | 4 | 0 | _uhttp://www.scielo.br/pdf/abmvz/v62n1/v62n1a05.pdf |
| 909 |
_a202311 _bLúcia _c55 _dLúcia Elande |
||
| 942 |
_2AGRIS _n0 _cANA |
||
| 999 |
_c228248 _d228248 |
||